| 000 | 00522cam a2200157Mi 4500 | ||
|---|---|---|---|
| 020 | _a9789251061596 | ||
| 020 | _a9251061599 | ||
| 040 | _cNLGGC | ||
| 082 | _a363 FAO 2009 A068 Or. | ||
| 110 | 2 | _aUnited Nations Food and Agriculture Organization (FAO) (Rome). | |
| 245 | 1 | 0 | _aFAO/WFP joint guidelines for Crop and Food Security Assessment Missions (CFSAMs). |
| 260 |
_aRome [etc.] : _bFAO [etc.], _c2009. |
||
| 300 |
_a319 p. : _bgraf., tab. ; _c21 cm. + _e1 CD-Rom. |
||
| 710 | 2 | _aWorld Food Programme (WFP) | |
| 942 | _cEK | ||
| 999 |
_c14536 _d14536 |
||